The Hork-Bajir chronicles / (Registro nro. 10945)

Detalles MARC
000 -LIDER
fixed length control field 00704nam a22002537a 4500
001 - NÚMERO DE CONTROL
Identificador de número de control 000402
003 - IDENTIFICACDOR DE NÚMERO DE CONTROL
control field DO-SdBNP
005 - DATE AND TIME OF LATEST TRANSACTION
control field 20160719132437.0
007 - CAMPOS FIJOS DE DESCRIPCIÓN FÍSICA
fixed length control field 000402
008 - ELEMENTOS DE LONGITUD FIJA
fixed length control field 160719b nyu 1998 ||||| |||| 00| 0 spa d
020 ## - ISBN
International Standard Book Number 0590036467
040 ## - FUENTE DE CATALOGACIÓN
Agencia que crea de manera original el registro BPMSU
Idioma de catalogación spa
Agencia que realiza la transcripción BPMSU
092 ## - LOCALLY ASSIGNED DEWEY DECIMAL CALL NUMBER
Número de clasificación xxxxx
Número de ítem (Cutter) xxxxx
100 1# - ASIENTO PRINCIPAL -- NOMBRE PERSONAL
Nombre personal Applegate, Katherine,
Fechas asociadas con el nombre 1956-
245 10 - MENCIÓN DE TITULO
Título The Hork-Bajir chronicles /
Mención de responsabilidad K. A. Applegate.
260 ## - PUBLICACIÓN, DISTRIBUCIÓN, ETC. (PIE DE IMPRENTA)
Lugar de publicación, distribución, etc New York :
Nombre del editor, distribuidor, etc. Scholastic,
Fecha de publicación, distribución, etc 1998.
Fecha de impresión 1999
300 ## - DESCRIPCIÓN FÍSICA
Extensión xiv, 206 p. :
Otros detalles físicos il. ;
Dimensiones 20 cm.
490 1# - MENCIÓN DE SERIES
Mención de serie Animorphs
500 ## - NOTA GENERAL
Nota general Incluye datos del autor
500 ## - NOTA GENERAL
Nota general An Apple paperback.
830 #0 - ASIENTO SECUNDARIO DE SERIE--TÍTULO UNIFORME
Título uniforme Animorphs
942 ## - ADDED ENTRY ELEMENTS (KOHA)
Source of classification or shelving scheme Dewey Decimal Classification
Koha item type Libros
956 ## - LOCAL ELECTRONIC LOCATION AND ACCESS (OCLC)
Método de acceso LOPEREZ
Materiales especificados 10
Enlace 20160719
Campo enlazado y núm. de secuencia BPMSU
Nombre de host 00041
Existencias
Withdrawn status Lost status Source of classification or shelving scheme Damaged status Not for loan Collection code Home library Current library Date acquired Source of acquisition Total Checkouts Barcode Date last seen Price effective from Koha item type
    Dewey Decimal Classification       Biblioteca Pública Metropolitana Salomé Ureña Biblioteca Pública Metropolitana Salomé Ureña 07/19/2016 FUNDI   BPMSU16070544 07/19/2016 07/19/2016 Libros